The arts of Japan: an illustrated history

Guardat en:
Dades bibliogràfiques
Autor principal: Munsterberg, Hugo (Autor)
Format: Llibre
Idioma:anglès
Publicat: Rutland Charles E. Tuttle Company 1962
Matèries:
Etiquetes: Afegir etiqueta
Sense etiquetes, Sigues el primer a etiquetar aquest registre!

MARC

LEADER 00000cam a2200000 a 4500
001 UCF5884
003 CL-VaPUC
008 130328e19620000US |||||||||||||||||eng|d
020 |a 0804800421 
082 0 4 |a 709.52  |b MUN  |2 21 
100 0 |a Munsterberg, Hugo  |e author  |9 567869 
245 1 4 |a The arts of Japan: an illustrated history 
300 |a 201 p 
942 |c BK 
945 |d 20130328 00:00:00  |a dcastane 
260 |a Rutland  |b Charles E. Tuttle Company  |c 1962 
650 0 |a Arte japonés  |9 268878 
650 0 |a Pintura japonesa  |9 367915 
650 7 |a PINTORES JAPONESES  |2 CL-VaPUC  |9 367916 
583 |a last modification  |c 20130328 10:53:00  |k Rodrigo Vera 
999 |c 351277  |d 351275 
952 |0 0  |1 0  |4 0  |6 709_520000000000000_MUN_1962  |7 0  |8 A  |9 455292  |a BIBGIM  |b BIBGIM  |d 2019-11-22  |i 4950135  |l 1  |o 709.52 MUN 1962  |p 4950135  |r 2025-01-15  |s 2023-10-20  |w 2019-11-22  |y BK  |k ORI